Provincias argentinas conectadas por proximidad - Estadísticas

Estadísticas generales
  • Esta prueba ha sido intentada 29 veces
  • La puntuación promedio es 13 de 24
Respuestas en el mapa
Las respuestas están codificadas por una escala verde-roja en el mapa de la prueba según el % correcto abajo.
 
Estadísticas de respuestas
Province % Correcto
Misiones
100%
Formosa
89%
Santiago del Estero
83%
La Rioja
78%
Mendoza
78%
Rio Negro
67%
Córdoba
61%
Entre Ríos
61%
Catamarca
56%
Chaco
56%
Jujuy
56%
La Pampa
56%
San Juan
56%
Tucumán
56%
Buenos Aires
50%
Chubut
50%
Corrientes
50%
Neuquén
50%
San Luis
50%
Ciudad de Buenos Aires
28%
Salta
28%
Santa Cruz
28%
Santa Fe
28%
Tierra del Fuego
28%
No se encontraron pruebas coincidentes
Distribución de puntuación
Porcentaje de gente con cada puntuación
Porcentaje por número respondido
Historial de tus puntuaciones
No has intentado esta prueba.